Eastern Utah Libraries Catalog: Duchesne, Heber, Roosevelt, & Vernal

Summerlost : (Record no. 207670)

MARC details
000 -LEADER
fixed length control field 02541cam a2200685 i 4500
001 - CONTROL NUMBER
control field 2698412
005 - DATE AND TIME OF LATEST TRANSACTION
control field 20221123140752.0
008 - FIXED-LENGTH DATA ELEMENTS--GENERAL INFORMATION
fixed length control field 151208s2016 nyu j 000 1 eng
010 ## - LIBRARY OF CONGRESS CONTROL NUMBER
LC control number 2015028569
020 ## - INTERNATIONAL STANDARD BOOK NUMBER
International Standard Book Number 9780399187193 (hardback) :
Terms of availability $17.99
020 ## - INTERNATIONAL STANDARD BOOK NUMBER
International Standard Book Number 0399187197 (hardback) :
Terms of availability $17.99
029 1# - (OCLC)
OCLC library identifier AU@
System control number 000056910896
029 1# - (OCLC)
OCLC library identifier NZ1
System control number 16305463
035 ## - SYSTEM CONTROL NUMBER
System control number (OCoLC)913924777
Canceled/invalid control number (OCoLC)936359775
035 ## - SYSTEM CONTROL NUMBER
System control number 2298240
035 ## - SYSTEM CONTROL NUMBER
System control number (OCoLC)913924777
Canceled/invalid control number (OCoLC)936359775
035 ## - SYSTEM CONTROL NUMBER
System control number 2272370
035 ## - SYSTEM CONTROL NUMBER
System control number (OCoLC)913924777
Canceled/invalid control number (OCoLC)936359775
035 ## - SYSTEM CONTROL NUMBER
System control number (OCoLC)ocn913924777
035 ## - SYSTEM CONTROL NUMBER
System control number 2272370
035 ## - SYSTEM CONTROL NUMBER
System control number (OCoLC)ocn913924777
035 ## - SYSTEM CONTROL NUMBER
System control number 2349141
035 ## - SYSTEM CONTROL NUMBER
System control number 2351336
035 ## - SYSTEM CONTROL NUMBER
System control number 2351336
035 ## - SYSTEM CONTROL NUMBER
System control number 2365019
035 ## - SYSTEM CONTROL NUMBER
System control number 2365019
040 ## - CATALOGING SOURCE
Original cataloging agency DLC
Language of cataloging eng
Description conventions rda
Transcribing agency DLC
Modifying agency YDXCP
-- BTCTA
-- BDX
-- ZHB
-- IK2
-- BKL
-- IHX
-- VP@
-- EHH
-- OCLCQ
-- OKN
-- OCLCO
-- IGA
042 ## - AUTHENTICATION CODE
Authentication code lcac
-- pcc
049 ## - LOCAL HOLDINGS (OCLC)
Holding library IGAA
050 00 - LIBRARY OF CONGRESS CALL NUMBER
Classification number PZ7.C7586
Item number Su 2016
082 00 - DEWEY DECIMAL CLASSIFICATION NUMBER
Classification number [Fic]
Edition number 23
084 ## - OTHER CLASSIFICATION NUMBER
Classification number JUV039030
-- JUV039060
-- JUV013000
Source of number bisacsh
092 ## - LOCALLY ASSIGNED DEWEY CALL NUMBER (OCLC)
Classification number F
999 ## - SYSTEM CONTROL NUMBERS (KOHA)
Koha Dewey Subclass [OBSOLETE] F
100 1# - MAIN ENTRY--PERSONAL NAME
Personal name Condie, Allyson Braithwaite,
Relator term author.
9 (RLIN) 55769
245 10 - TITLE STATEMENT
Title Summerlost :
Remainder of title a novel /
Statement of responsibility, etc by Ally Condie.
246 3# - VARYING FORM OF TITLE
Title proper/short title Summer lost
264 #1 - Production, Publication, Distribution, Manufacture, and Copyright Notice.
Place of production, publication, distribution, manufacture New York, NY :
Name of producer, publisher, distributor, manufacturer Dutton Children's Books, an imprint of Penguin Random House LLC,
Date of production, publication, distribution, manufacture, or copyr [2016]
300 ## - PHYSICAL DESCRIPTION
Extent 249 pages ;
Dimensions 22 cm
336 ## - Content Type
Content type term text
337 ## - Media type
Media type term unmediated
338 ## - Carrier type
Carrier type term volume
520 ## - SUMMARY, ETC.
Summary, etc "Following the sudden deaths of her father and autistic younger brother, Cedar Lee spends the summer working at a Shakespearean theater festival, making a new friend, and coming to terms with her grief"--
521 1# - TARGET AUDIENCE NOTE
Target audience note 10-14.
Source Brodart
521 2# - TARGET AUDIENCE NOTE
Target audience note 5-9.
Source Brodart
526 0# - STUDY PROGRAM INFORMATION NOTE
Program name Accelerated Reader
Interest level MG
Reading level 4.1
Title point value 6.
526 0# - STUDY PROGRAM INFORMATION NOTE
Program name Reading Counts
Interest level 6-8
Reading level 3.4
Title point value 11.
650 #0 - SUBJECT ADDED ENTRY--TOPICAL TERM
Topical term or geographic name as entry element Grief
Form subdivision Juvenile fiction.
9 (RLIN) 5681239
650 #0 - SUBJECT ADDED ENTRY--TOPICAL TERM
Topical term or geographic name as entry element Friendship
Form subdivision Juvenile fiction.
9 (RLIN) 5673647
650 #0 - SUBJECT ADDED ENTRY--TOPICAL TERM
Topical term or geographic name as entry element Theater
Form subdivision Juvenile fiction.
9 (RLIN) 5703063
650 #1 - SUBJECT ADDED ENTRY--TOPICAL TERM
Topical term or geographic name as entry element Grief
Form subdivision Fiction.
9 (RLIN) 5681242
650 #1 - SUBJECT ADDED ENTRY--TOPICAL TERM
Topical term or geographic name as entry element Friendship
Form subdivision Fiction.
9 (RLIN) 5673769
650 #1 - SUBJECT ADDED ENTRY--TOPICAL TERM
Topical term or geographic name as entry element Theater
Form subdivision Fiction.
9 (RLIN) 5686496
650 #7 - SUBJECT ADDED ENTRY--TOPICAL TERM
Topical term or geographic name as entry element JUVENILE FICTION / Social Themes / Death, Grief, Bereavement.
Source of heading or term bisacsh
9 (RLIN) 5766835
650 #7 - SUBJECT ADDED ENTRY--TOPICAL TERM
Topical term or geographic name as entry element JUVENILE FICTION / Social Themes / Friendship.
Source of heading or term bisacsh
9 (RLIN) 5715225
650 #7 - SUBJECT ADDED ENTRY--TOPICAL TERM
Topical term or geographic name as entry element JUVENILE FICTION / Family / General.
Source of heading or term bisacsh
9 (RLIN) 5752958
787 0# - NONSPECIFIC RELATIONSHIP ENTRY
Note OCLC Work Id
Other item identifier http://worldcat.org/entity/work/id/2901978847
856 42 - ELECTRONIC LOCATION AND ACCESS
Materials specified Cover image
Uniform Resource Identifier <a href="9780399187193.jpg">9780399187193.jpg</a>
942 ## - ADDED ENTRY ELEMENTS (KOHA)
Source of classification or shelving scheme Dewey Decimal Classification
Koha item type BOOK
Holdings
Withdrawn status Lost status Source of classification or shelving scheme Damaged status Not for loan Collection code Home library Current library Shelving location Date acquired Source of acquisition Total Checkouts Total Renewals Full call number Barcode Date last seen Date checked out Cost, replacement price Price effective from Koha item type
    Dewey Decimal Classification     Junior Fiction Wasatch County Library Wasatch County Library Main Floor Junior Area 07/08/2021 Amazon 12 7 J Condie 34301001802844 06/20/2025 06/03/2025 8.99 07/08/2021 BOOK
This project was made possible through a grant from the Institute of Museum and Library Service administered by the Utah State Library Division.

Wasatch County Library

  • 465 East 1200 South, Heber City, Utah 84032
  • Phone 435-654-1511 | Fax 435-654-6456

Hours

  • Monday - Friday 9:30 AM - 8:00 PM
  • Saturday 9:30 AM - 1:30 PM
  • Closed Sundays and Holidays